Science Quiz

Random Science Quiz

REDOX GAME Quiz Stats

 Plays Quiz not verified by Sporcle

Challenge
Share
Tweet
Embed
Score 0/13 Timer 10:00
0 Plays Today
Hint Answer % Correct
What does OIL RIG stand for?Oxidation is loss Reduction is gain
77.8%
What are positive ionsCations
40.7%
What are negative ionsAnions
40.7%
What is the formula for sodium chlorate(I)NaClO
33.3%
Where do cations move to cathode
33.3%
Where do anions move toanode
33.3%
oxidation # of 'P2'O5+5
22.2%
Oxidation # of 'S'O4^2-+6
22.2%
Systematic name for Cu2Ocopper(I) oxide
18.5%
Define reductionloss of oxygen
7.4%
Systematic name for Na2SO3sodium sulfate(IV)
3.7%
What can Oxidation # be used forbalancing equations
3.7%
Define oxidationgain of oxygen by an element
0%

You're not logged in!

Compare scores with friends on all Sporcle quizzes.
Join for Free
OR
Log In

You Might Also Like...

Show Comments

Extras

Created Feb 24, 2014ReportNominate
Tags:heading

Top Quizzes Today


Score Distribution

Your Account Isn't Verified!

In order to create a playlist on Sporcle, you need to verify the email address you used during registration. Go to your Sporcle Settings to finish the process.

Report this User

Report this user for behavior that violates our Community Guidelines.

Details: